000 00813nam a2200277Ia 4500
001 Para_8323
003 CHAP
008 220125s9999 xx 000 0 und d
010 _a205950
040 _cCHAP
082 _aPA-C 595.752 A6
100 _aDavis, J.J.
_9167203
245 _aThe pea aphis with relation to forage crops /
_c by J.J. Davis
260 _aWashington :
_b USDA
300 _a67 p.
440 _aAphidae; 11 Bulletin; 276
_9172101
500 _aEncuadernado con otros impresos similares
650 _a
_x Afididos
_x Colecciones de escritos
_x Illinoia pisi
_x Chícharo
_x plagas
_9172102
901 _aPA-C 595.752 A6
902 _aA
905 _a000000 0000000000 00
910 _a
942 _cPARA
942 _cPARA
_d1
999 _c205950
_d205950